000 00444nam a2200169 4500
001 123309
003 ES-MaACL
005 20230906192141.0
007 t|
008 070214s1967 sp r ||||1| spa d
100 1 _aRabinad, Antonio.
_994864
245 1 3 _aEl niño asombrado /
_cAntonio Rabinad.
250 _a1ª ed.
260 _aBarcelona :
_bSeix Barral,
_c1967.
300 _a166 p. ;
_c18 cm.
852 _aES-MaACL
_jC-31938
_bR.62512
999 _c123309
_d123309